00343nam a22001217a 450000500170000002000230001703500230004003700130006310000170007624500530009326000510014630000240019720180721135802.0 c700.00a8176488879 aB-158679, B-158678 aDPLbENG aMishra, R.C. aHealth and nutrition education /cby R.C. Mishra aNew DelhibA.P.H. Publishing Corporationc2005 axii, 308p.c20 cms.